000 00654nam a2200241Ia 4500
003 OSt
005 20220924132556.0
006 a|||||r|||| 00| 0
007 ta
008 220923b |||||||| |||| 00| 0 tam d
024 _a72307
037 _cTextual
040 _aARTS
_cARTS
_btam
041 _2tam
_atam
082 _aR433wL09, 31J5
100 _aSubrahmanian N ed
_9204548
245 0 _aAnandarangan Kovai
260 _c1955
490 _aMadras Government oriental series ed by T Chandrasekharan
650 _aSOCIAL ETHICS
_9763
942 _hR433wL09, 31J5
_cTEXL
_2CC
999 _c430752
_d430752